书目信息 |
| 题名: |
《电子技术基础》(数字部分)习题精解
|
|
| 作者: | 夏应清 主编 | |
| 分册: | ||
| 出版信息: | 成都 西南交通大学出版社 2004.09 |
|
| 页数: | 250页 | |
| 开本: | 22cm | |
| 丛书名: | 高校经典教材配套辅导系列 | |
| 单 册: | ||
| 中图分类: | TN01-44 | |
| 科图分类: | ||
| 主题词: | 电子技术--dian zi ji shu--高等学校--解题 , 数字电路--shu zi dian lu--高等学校--解题 | |
| 电子资源: | ||
| ISBN: | 7-81057-945-2 | |
| 000 | 01045nam 2200265 450 | |
| 001 | 012008036188 | |
| 005 | 20080124153400.28 | |
| 010 | @a7-81057-945-2@dCNY19.00 | |
| 100 | @a20080124d2004 em y0chiy0120 ea | |
| 101 | 0 | @achi |
| 102 | @aCN@b510000 | |
| 105 | @aa q 000yy | |
| 106 | @ar | |
| 200 | 1 | @a《电子技术基础》(数字部分)习题精解@A《dian zi ji shu ji chu》(shu zi bu fen)xi ti jing jie@f夏应清主编@Fxia ying qing zhu bian |
| 210 | @a成都@c西南交通大学出版社@d2004.09 | |
| 215 | @a250页@c图@d22cm | |
| 225 | 2 | @a高校经典教材配套辅导系列@Agao xiao jing dian jiao cai pei tao fu dao xi lie |
| 330 | @a该书全面总结、归纳了电子技术数字部分的基本内容、基本概念、重点难点、各种分析和计算方法。每章都有知识要点、典型例题分析、习题精解。 | |
| 410 | 0 | @12001 @a高校经典教材配套辅导系列 |
| 606 | 0 | @a电子技术@Adian zi ji shu@x高等学校@j解题 |
| 606 | 0 | @a数字电路@Ashu zi dian lu@x高等学校@j解题 |
| 690 | @aTN01-44@v4 | |
| 701 | 0 | @a夏应清@Axia ying qing@4主编 |
| 801 | 0 | @aCN@bQSSK@c20080124 |
| 905 | @b280331-33@dTN01-44@eX227@f3 | |
| 《电子技术基础》(数字部分)习题精解/夏应清主编.-成都:西南交通大学出版社,2004.09 |
| 250页:图;22cm.-(高校经典教材配套辅导系列) |
| ISBN 7-81057-945-2:CNY19.00 |
| 该书全面总结、归纳了电子技术数字部分的基本内容、基本概念、重点难点、各种分析和计算方法。每章都有知识要点、典型例题分析、习题精解。 |
| ● |
| 相关链接 |
|
|
|
正题名:《电子技术基础》(数字部分)习题精解
索取号:TN01-44/X227
 
预约/预借
| 序号 | 登录号 | 条形码 | 馆藏地/架位号 | 状态 | 备注 |
| 1 | 280331 | 202803314 | 自科库301/404自科库 9排6列1层/ [索取号:TN01-44/X227] | 在馆 | |
| 2 | 280332 | 202803323 | 自科库301/301自科库 17排3列4层/ [索取号:TN01-44/X227] | 在馆 | |
| 3 | 280333 | 202803332 | 自科库301/301自科库 24排2列4层/ [索取号:TN01-44/X227] | 在馆 |